[Event "Washington op Premier"]
[Site "Redmond"]
[Date "2008.05.24"]
[Round "1"]
[White "Lowther, Jeff"]
[Black "Desmarais, Niles"]
[Result "1/2-1/2"]
[WhiteElo "1905"]
[BlackElo "1770"]
[PlyCount "52"]
[EventDate "2008.05.24"]
[EventType "swiss"]
[EventRounds "6"]
[EventCountry "USA"]
[SourceTitle "EXT 2017"]
[Source "ChessBase"]
[SourceDate "2016.10.25"]
[SourceVersion "1"]
[SourceVersionDate "2016.10.25"]
[SourceQuality "1"]

1. e4 c5 2. Nf3 d6 3. c3 g6 4. d4 cxd4 5. cxd4 Bg7 6. h3 Nf6 7. Nc3 0-0 8. Be2 a6 9. a4 b6 10. 0-0 Bb7 11. Bd3 Nbd7 12. Re1 Qc7 13. Be3 h6 14. Rc1 Qb8 15. Qb3 e6 16. Bb1 d5 17. e5 Nh7 18. Ne2 Rc8 19. Bd2 Bf8 20. Qd3 a5 21. Rxc8 Qxc8 22. Rc1 Qd8 23. Qb3 Ba6 24. Bd3 Bxd3 25. Qxd3 Rc8 26. Qb3 Rxc1+ 1/2-1/2